Fr. Conceicao Rodrigues College of Engineering

Transistors (Record no. 29367)

MARC details
000 -LEADER
fixed length control field 00302nam a2200145Ia 4500
082 ## - DEWEY DECIMAL CLASSIFICATION NUMBER
Classification number 621.381528
Item number LE
100 ## - MAIN ENTRY--PERSONAL NAME
Personal name Lecroissette/Dennis
245 ## - TITLE STATEMENT
Title Transistors
260 ## - PUBLICATION, DISTRIBUTION, ETC.
Name of publisher, distributor, etc. prentice
Place of publication, distribution, etc. New Delhi
Date of publication, distribution, etc. 1988
300 ## - PHYSICAL DESCRIPTION
Extent 280
546 ## - LANGUAGE NOTE
Language note ENGLISH
654 ## - SUBJECT ADDED ENTRY--FACETED TOPICAL TERMS
Focus term transistors
942 ## - ADDED ENTRY ELEMENTS (KOHA)
Koha item type BOOK
Holdings
Withdrawn status Lost status Damaged status Not for loan Collection Home library Current library Shelving location Date acquired Cost, normal purchase price Total Checkouts Full call number Barcode Date last seen Cost, replacement price Price effective from Koha item type
        CRC Fr. Agnel's C.Rodrigues College of Engineering Fr. Agnel's C.Rodrigues College of Engineering   17/03/2023 45.00   621.381528 LE 2326 17/03/2023 45.00 17/03/2023 BOOK
        CRC Fr. Agnel's C.Rodrigues College of Engineering Fr. Agnel's C.Rodrigues College of Engineering   17/03/2023 45.00   621.381528 LE 2327 17/03/2023 45.00 17/03/2023 BOOK